000 00483nam a22001817a 4500
005 20251108164201.0
008 250721s2001 xx 000 0 ara d
082 1 4 _a362.8/محم
100 1 _aمحمود، فهمي
245 1 0 _aالعنف الأسري في الغرب /
264 1 _aعمان :
_bابن سينا،
_c2001.
300 _a104ص.
650 1 7 _aالأسرة
650 1 7 _aالعنف المنزلي
650 1 7 _aالمرأة
942 _2ddc
_cBK
999 _c5743
_d5743